| 000 | 00948nam a2200289Ia 4500 | ||
|---|---|---|---|
| 001 | Z_562 | ||
| 003 | CHAP | ||
| 008 | 220113s1983 xx 000 0 und d | ||
| 010 | _a163672 | ||
| 040 | _cCHAP | ||
| 090 | _aTesis N 284 | ||
| 100 |
_aNava Rodríguez , Juan _980470 |
||
| 245 |
_aEfectos del nivel de proteína cruda y de calcio en la ración sobre la utilización de aceite vegetal por conejos / _cpor Juan Nava Rodríguez y Miguel Angel Cervantes Díaz |
||
| 260 |
_aChapingo, Méx. : _bEl autor, _c1983 |
||
| 300 | _a21 h. | ||
| 502 | _aTesis (Ing. Agrónomo Esp. en Zooteecnia) -- UACH. Departamento de Zootecnia | ||
| 650 |
_aCalcio en nutrición animal _917340 |
||
| 650 |
_aConejos _xAlimentación _926353 |
||
| 650 |
_aProteínas en nutrición animal _992454 |
||
| 700 |
_aCervantes Díaz, Miguel Angel _921556 |
||
| 901 | _aTESIS N 284 | ||
| 902 | _aM | ||
| 910 | _a1983 | ||
| 942 | _c2 | ||
| 942 | _c2 | ||
| 999 |
_c163672 _d163672 |
||